Derecho procesal civil español / (Record no. 121719)

MARC details
000 -LEADER
campo de control de longitud fija 00484nam a2200157 4500
001 - NÚMERO DE CONTROL
campo de control 121719
003 - IDENTIFICADOR DE NÚMERO DE CONTROL
campo de control ES-MaACL
007 - CAMPO FIJO DE DESCRIPCIÓN FÍSICA--INFORMACIÓN GENERAL
campo de control de longitud fija t|
008 - DATOS DE LONGITUD FIJA--INFORMACIÓN GENERAL
campo de control de longitud fija 070214m19511955sp r ||||1| spa d
100 1# - ENTRADA PRINCIPAL--NOMBRE DE PERSONA
Nombre de persona Plaza, Manuel de la.
9 (RLIN) 92622
245 10 - MENCIÓN DEL TÍTULO
Título Derecho procesal civil español /
Mención de responsabilidad, etc. Manuel de la Plaza.
250 ## - MENCION DE EDICION
Mención de edición 3ª ed. corr, aum. y puesta al día.
260 ## - PUBLICACIÓN, DISTRIBUCIÓN, ETC.
Lugar de publicación, distribución, etc. Madrid :
Nombre del editor, distribuidor, etc. Revista de Derecho Privado,
Fecha de publicación, distribución, etc. 1951-55.
300 ## - DESCRIPCIÓN FÍSICA
Extensión 2 t. en 3 v. ;
Dimensiones 23 cm.
852 ## - LOCALIZACIÓN
Ubicación ES-MaACL
Número de control de estantería E-811-3
Sublocalización o colección R.38779
Holdings
Estatus retirado Estado de pérdida Estado de daño No para préstamo Biblioteca de origen Biblioteca actual Ubicación en estantería Fecha de adquisición Fuente de adquisición Total de préstamos Signatura topográfica completa Código de barras Visto por última vez Precio de reemplazo Tipo de ítem Koha
        Biblioteca del Ateneo de Madrid Biblioteca del Ateneo de Madrid Depósito 2 17/01/2008     E-811-3 1126844 23/02/2023 23/02/2023 Libro impreso